Lidové lékařství v Československu 2.

Podrobná bibliografia
Hlavný autor: Čižmář, Jozef, 1868-1965 (Autor)
Médium: Kniha
Jazyk:čeština
PhysicalDescription:287 strán 23 cm
Vydavateľské údaje: Brno nákladem dětí autora Komise B. Komůrka 1946
Predmet:

MARC

LEADER 00000cam a2200000 a 4500
001 vtls001378276
003 SK-MaSNL
005 20260311125953.0
008 250312s1946 xr f n 00000 cze
015 |a SNBA1946 
020 |q (brožované) 
035 |a SNK000332239 
035 |a urn:nbn:sk:snk-am3it2d 
035 |a EDBB1C4A-57F1-4FE1-A1ED-6C850EF720A8 
035 |a urn:nbn:sk:snk-am00fhxz 
040 |a SNK  |b slo  |c SNK  |e AACR2 
041 0 |a cze 
043 |a e-cs--- 
044 |a xr  |c CZ 
080 |a 615.89  |2 2011 
080 |a (437)  |2 2011 
080 |a (048.8)  |2 2011 
100 1 |a Čižmář, Jozef,  |d 1868-1965  |4 aut  |9 161530 
245 1 0 |a Lidové lékařství v Československu  |n 2.  |c Josef Čižmář 
260 |a Brno  |b nákladem dětí autora  |b Komise B. Komůrka  |c 1946 
300 |a 287 strán  |c 23 cm 
500 |a Frontispice ; niektoré opravy a chyby tlače dielu 1. na strane 287 ; opravy a chyby tlačie dielu 2. na strane 287 
504 |a Obsahuje bibliografické odkazy na strane 281-282 
650 0 7 |a ľudové liečiteľstvo  |2 SNKPH  |9 1145 
651 7 |a Československo  |2 SNKPHgeo  |9 21376 
655 7 |a monografie  |2 SNKPH  |9 70139 
852 |a Slovenská národná knižnica 
958 |a RK 
958 |a TL 
958 |a CZ 
958 |a OND 
958 |a NB 
999 |c 722413  |d 724343 
952 |a SNK  |b SNK  |y PREZ  |7 0  |p 17A0217045  |o snkSC 16484/2  |i snkK 1147/62  |8 3  |0 0  |1 0  |4 0  |d 1999-11-02  |f 1  |l 0  |r 2025-07-18 00:00:00  |w 2026-02-23 
952 |t P60, <04>, [BOOK], {604}  |a SNK  |b SNK  |y VYP  |7 0  |p 17A0220451  |o snkSC 16484/2 D1  |i snk1871/48  |0 0  |1 0  |4 0  |d 1999-11-30  |l 0  |r 2005-01-02 00:00:00  |w 2026-02-23